| 000 | 00699nam a2200229 i 4500 | ||
|---|---|---|---|
| 001 | 87492 | ||
| 003 | ES-MaACL | ||
| 005 | 20250718062538.0 | ||
| 007 | t| | ||
| 008 | 041222s1970 sp ||||1| spa d | ||
| 100 | 1 |
_aKolakowski, Leszek. _968507 |
|
| 245 | 1 | 3 |
_aEl racionalismo como ideología y ética sin código / _cLeszek Kolakowski ; traducción de Jacobo Muñoz. |
| 260 |
_aBarcelona : _bAriel, _c[1970] |
||
| 300 |
_a171 p. ; _c18 cm. |
||
| 490 | 1 |
_aAriel quincenal ; _v34 |
|
| 650 | 0 | 0 |
_aRacionalismo. _916644 |
| 650 | 7 |
_aÉtica _2embne _912577 |
|
| 700 | 1 |
_aMuñoz, Jacobo. _9137824 |
|
| 830 | 1 |
_aAriel quincenal ; _v34 _9180806 |
|
| 852 |
_aES-MaACL _jC-40715 |
||
| 999 |
_c87492 _d87492 |
||